000 00838nam a22002177a 4500
999 _c63594
_d63594
005 20240530110649.0
008 171210s2016 ua g 000 0 ara d
017 _a2016/4239
_bمصر. دار الكتب
020 _a9789773375577
040 _aEG-CaGPL
_cEG-CaGPL
082 0 4 _221
_a346.02\
_bع ع
100 0 _aعبدالله جبريل حسين
245 1 2 _aالعقود الادارية للمزايدات و المناقصات /
_cعبدالله جبريل حسين
250 _aط.1
260 _aالقاهرة :
_bمركز الخبرات المهنية للادارة (ببميك) ،
_c2016 .
300 _a101 ص. ؛
_c28 سم .
650 0 7 _2qrmak
_aالعقود الادارية
650 0 7 _2qrmak
_aالمناقصات و المزايدات
942 _2ddc
_cBK